GOVERNING THE UNGOVERNABLE INSTITUTIONAL REFORMS FOR DEMOCRATIC GOVERANCE / (Record no. 616172)
[ view plain ]
| 000 -LEADER | |
|---|---|
| fixed length control field | 00399nam a22001337a 4500 |
| 020 ## - INTERNATIONAL STANDARD BOOK NUMBER | |
| Qualifying information | PB. |
| 040 ## - CATALOGING SOURCE | |
| Transcribing agency | FIZZA ISHAQ |
| 082 ## - DEWEY DECIMAL CLASSIFICATION NUMBER | |
| Classification number | 388.95491 |
| Author Mark | ISH |
| 100 ## - MAIN ENTRY--PERSONAL NAME | |
| Personal name | HUSAIN,ISHRAT. |
| 9 (RLIN) | 129390 |
| 245 ## - TITLE STATEMENT | |
| Title | GOVERNING THE UNGOVERNABLE INSTITUTIONAL REFORMS FOR DEMOCRATIC GOVERANCE / |
| Statement of responsibility, etc. | ISHRAT HUSAIN. |
| 260 ## - PUBLICATION, DISTRIBUTION, ETC. | |
| Place of publication, distribution, etc. | PAKISTAN; |
| Name of publisher, distributor, etc. | SERVICE BOOK CLUB, |
| Date of publication, distribution, etc. | 2018. |
| 300 ## - PHYSICAL DESCRIPTION | |
| Extent | 550 P. ; |
| Dimensions | 9.1X6.1 IN |
| 942 ## - ADDED ENTRY ELEMENTS (KOHA) | |
| Source of classification or shelving scheme | |
| Koha item type | Book Bank |
| Withdrawn status | Lost status | Source of classification or shelving scheme | Damaged status | Not for loan | Permanent Location | Current Location | Shelving location | Date acquired | Total Checkouts | Full call number | Barcode | Date last seen | Price effective from | Koha item type |
|---|---|---|---|---|---|---|---|---|---|---|---|---|---|---|
| NUST Baluchistan Campus (NBC) | NUST Baluchistan Campus (NBC) | General Stacks | 02/11/2026 | 388.95491 ISH | QD-990 | 02/11/2026 | 02/11/2026 | Book Bank |
